Cơ sở vật lý
tập 4 trình bày phần điện học với các nội dung về Điện tích, Điện trường, Định luật Gauss, Điện thế, Điện dung, Dòng điện và Điện trở.
שמור ב:
| מחבר ראשי: | |
|---|---|
| פורמט: | ספר |
| שפה: | Undetermined |
| יצא לאור: |
Hà Nội
Giáo dục
2006
|
| נושאים: | |
| תגים: |
הוספת תג
אין תגיות, היה/י הראשונ/ה לתייג את הרשומה!
|
| Thư viện lưu trữ: | Trung tâm Học liệu Trường Đại học Cần Thơ |
|---|
| LEADER | 00907nam a2200229Ia 4500 | ||
|---|---|---|---|
| 001 | CTU_122686 | ||
| 008 | 210402s9999 xx 000 0 und d | ||
| 020 | |c 35000 | ||
| 082 | |a 530 | ||
| 082 | |b H188/T.4 | ||
| 100 | |a Halliday, David | ||
| 245 | 0 | |a Cơ sở vật lý | |
| 245 | 0 | |c David Halliday , Robert Resnick , Jearl Walker ; Người dịch Lê Khắc Bình | |
| 260 | |a Hà Nội | ||
| 260 | |b Giáo dục | ||
| 260 | |c 2006 | ||
| 520 | |a tập 4 trình bày phần điện học với các nội dung về Điện tích, Điện trường, Định luật Gauss, Điện thế, Điện dung, Dòng điện và Điện trở. | ||
| 526 | |a Cơ học đại cương 1,Quang học | ||
| 526 | |b SP133,SP139 | ||
| 650 | |a Electricity,Physics,vật lý | ||
| 904 | |i Giang | ||
| 980 | |a Trung tâm Học liệu Trường Đại học Cần Thơ | ||